000 00424nam a2200181Ia 4500
001 24161
005 20260414151025.0
008 260414t1971||||xx |||||||||||||| ||spa||
041 _aESP
082 _a791.4
_bD49
100 _aDella Volpe, Galvano
_eAUT
245 0 _aProblemas del nuevo cine
_b
260 _c1971
300 _a229 páginas :
_c18 cm.
650 _aABD
654 _aCAU
942 _cLIB
_dJUS
_fJUS
_2ddc
_n
999 _c24161
_d24161